000 00705nam a2200217 a 4500
001 000004308
005 20260508134416.0
008 090721s2004 dr 000 0 spa d
040 _aDO-SdBNP
_bspa
_cBNPHU
082 _a158.1
_bR696c
100 1 _aRodríguez, Dámaris
_d1976-
_912718
245 1 0 _aUn camino de superación /
_cDámaris Rodríguez ; prólogo Jorge A. Acosta García.
260 _aSanto Domingo :
_b[s.n.],
_c2004.
300 _a96 p. ;
_c14 cm.
590 _aInventariado, 2018/ MFF
650 4 _aTécnicas de autoayuda
_9387
650 0 _aVida cristiana
_9668
650 0 _aFe
_91024
700 1 _aAcosta García, Jorge A.,
_epról.
_912719
910 _aValidado. Control de calidad MFF
999 _c4117
_d4117